Music Quiz

Random Music or Clickable Quiz

The Who Albums Quiz Stats

 Plays Quiz not verified by Sporcle

Support Sporcle.
Go Orange.
Score 0/11 Timer 03:00
0 Plays Today
% Correct
The Who Sell Out
97.9%
Tommy
97.9%
Who's Next
97.9%
Quadrophenia
95.8%
The Who by Numbers
95.8%
Who Are You
93.8%
My Generation
89.6%
A Quick One
85.4%
Face Dances
83.3%
Endless Wire
77.1%
It's Hard
70.8%

You're not logged in!

Compare scores with friends on all Sporcle quizzes.
OR
Log In

From the Vault

Four Word Hints for Four Letter Films

by DarkPhalanx

Here are some very short plot descriptions to go with some very short movie titles.
Remove Ads.
Support Sporcle.
Get the best of Sporcle when you Go Orange. This ad-free experience offers more features, more stats, and more fun while also helping to support Sporcle. Thank you for becoming a member.

Show Comments

Extras

Top Quizzes Today


Score Distribution

Your Account Isn't Verified!

In order to create a playlist on Sporcle, you need to verify the email address you used during registration. Go to your Sporcle Settings to finish the process.

Report this User

Report this user for behavior that violates our Community Guidelines.

Details: